| 000 | 00660nam a22002177a 4500 | ||
|---|---|---|---|
| 003 | BUBTL | ||
| 008 | 190703b xxu||||| |||| 00| 0 eng d | ||
| 020 | _a9789843432292 | ||
| 082 | _a346/ T149u/ 2021 | ||
| 100 |
_92364 _aTalukder, S.M. Hasan |
||
| 245 |
_aUnlocking Law of Transfer of Property / _cS.M. Hasan Talukder |
||
| 250 | _a3rd ed. | ||
| 260 |
_aDhaka : _bLaw's Empire Publishing, _cc2021 |
||
| 300 |
_axi, 307 p. : _c22 cm. |
||
| 505 | _aUnlocking Law of Transfer of Property, S.M. Hasan Talukder, Law | ||
| 526 | _aLaw | ||
| 650 | 0 |
_92102 _aLaw |
|
| 856 |
_k0 _l0 _yDownload |
||
| 942 |
_2ddc _cBK |
||
| 999 |
_c7049 _d7049 |
||